[Event "US Open-110"]
[Site "Indianapolis"]
[Date "2009.08.03"]
[Round "3"]
[White "Tae, Patrick John"]
[Black "Huang, Vincent"]
[Result "0-1"]
[WhiteElo "2092"]
[BlackElo "2063"]
[PlyCount "106"]
[EventDate "2009.08.01"]
[EventType "swiss"]
[EventRounds "9"]
[EventCountry "USA"]
[SourceTitle "CBM 131 Extra"]
[Source "ChessBase"]
[SourceDate "2009.09.03"]
[SourceVersion "2"]
[SourceVersionDate "2009.09.16"]
[SourceQuality "1"]

1. e4 e5 2. Nf3 Nc6 3. Bc4 Bc5 4. c3 Nf6 5. d3 d6 6. 0-0 a6 7. Bb3 Ba7 8. Nbd2 0-0 9. h3 h6 10. Re1 Be6 11. Nf1 Qd7 12. Ng3 Rad8 13. Be3 Bxe3 14. Rxe3 Rfe8 15. d4 exd4 16. cxd4 d5 17. e5 Nh7 18. Bc2 Nf8 19. Rc1 Ne7 20. Nh4 c5 21. Nh5 Neg6 22. Rg3 Kh7 23. f4 Kh8 24. Nxg7 Nxf4 25. Qd2 N8g6 26. Nxg6+ fxg6 27. Qxf4 g5 28. Qf6 Qxg7 29. Rf1 cxd4 30. Qxg7+ Kxg7 31. Rf6 Bf7 32. Rgf3 Rd7 33. R3f5 Rc7 34. Bd3 Re6 35. h4 gxh4 36. Kh2 Rce7 37. Rf4 Rxe5 38. Rb6 R5e6 39. Rg4+ Kf8 40. Rb4 h3 41. gxh3 Rf6 42. Rbxd4 Re3 43. h4 Rff3 44. Bg6 Rf2+ 45. Kg1 Rxb2 46. Rdf4 Re1+ 47. Rf1 Rxf1+ 48. Kxf1 Bxg6 49. Rxg6 Rxa2 50. Rb6 a5 51. Rxb7 a4 52. Rd7 a3 53. Rxd5 Rb2 0-1

[Event "US Masters qual"]
[Site "Hendersonville"]
[Date "2007.03.11"]
[Round "4"]
[White "Tae, Patrick John"]
[Black "Andrews, Todd D"]
[Result "1-0"]
[WhiteElo "2125"]
[BlackElo "2366"]
[PlyCount "73"]
[EventDate "2007.03.10"]
[EventType "swiss"]
[EventRounds "9"]
[EventCountry "USA"]
[SourceTitle "EXT 2011"]
[Source "ChessBase"]
[SourceDate "2010.11.26"]
[SourceVersion "1"]
[SourceVersionDate "2010.11.26"]
[SourceQuality "1"]

1. e4 c5 2. c3 Qa5 3. Na3 e6 4. d4 Nf6 5. Nc4 Qc7 6. e5 Nd5 7. Ne3 Nxe3 8. Bxe3 b6 9. Nf3 Bb7 10. a3 Nc6 11. Bd3 Be7 12. 0-0 f6 13. Bf4 0-0-0 14. Be4 f5 15. Bd3 h6 16. Bg3 Rdf8 17. h3 g5 18. Re1 h5 19. Kf1 f4 20. Bh2 g4 21. Nd2 Kb8 22. Rc1 Qd8 23. Be4 g3 24. Bg1 Ba6+ 25. c4 Nxd4 26. f3 Qc7 27. Qa4 Bc8 28. Bxd4 cxd4 29. c5 bxc5 30. b4 Qb6 31. b5 a6 32. Nc4 Qd8 33. bxa6 Ka7 34. Rb1 d5 35. exd6 Bxd6 36. Qc6 Bxa6 37. Rb7+ 1-0

[Event "US Masters qual"]
[Site "Hendersonville"]
[Date "2007.03.10"]
[Round "2"]
[White "Allen, Mark"]
[Black "Tae, Patrick John"]
[Result "0-1"]
[WhiteElo "1869"]
[BlackElo "2125"]
[PlyCount "76"]
[EventDate "2007.03.10"]
[EventType "swiss"]
[EventRounds "9"]
[EventCountry "USA"]
[SourceTitle "EXT 2011"]
[Source "ChessBase"]
[SourceDate "2010.11.26"]
[SourceVersion "1"]
[SourceVersionDate "2010.11.26"]
[SourceQuality "1"]

1. e4 e5 2. f4 exf4 3. Bc4 Nf6 4. Nc3 Bb4 5. Nf3 0-0 6. 0-0 Bxc3 7. dxc3 d6 8. Bxf4 Bg4 9. Qe1 Nbd7 10. Nd4 Ne5 11. Bd3 c5 12. Nf5 Bxf5 13. Bxe5 dxe5 14. Rxf5 Qb6 15. Bc4 Qxb2 16. Rb1 Qxc2 17. Rxb7 Rad8 18. Bb3 Qd3 19. Rxe5 c4 20. Ba4 Rb8 21. Ree7 Rxb7 22. Rxb7 Qxe4 23. Re7 Qxe1+ 24. Rxe1 Nd5 25. Bb5 Nxc3 26. Bxc4 g6 27. Re3 Na4 28. Re7 Nb6 29. Bb3 a5 30. Rb7 a4 31. Rxb6 axb3 32. axb3 Rc8 33. Kf2 Rc2+ 34. Kf3 Rc3+ 35. Kf4 Rc2 36. Kg3 Rc3+ 37. Kh4 Rc2 38. Kh3 h5 0-1